Effects of experiential learning on students: an ecotourism service-learning course (Record no. 347472)
[ view plain ]
| 000 -LEADER | |
|---|---|
| fixed length control field | 00509nam a2200133Ia 4500 |
| 008 - FIXED-LENGTH DATA ELEMENTS--GENERAL INFORMATION | |
| fixed length control field | 171207s9999 xx 000 0 und d |
| 100 ## - MAIN ENTRY--PERSONAL NAME | |
| Personal name | Mak, Barry |
| 245 ## - TITLE STATEMENT | |
| Title | Effects of experiential learning on students: an ecotourism service-learning course |
| 245 ## - TITLE STATEMENT | |
| Statement of responsibility, etc | Barry Mak, Chloe Lau & Alan Wong |
| 260 ## - PUBLICATION, DISTRIBUTION, ETC. (IMPRINT) | |
| Date of publication, distribution, etc | 2017 |
| 300 ## - PHYSICAL DESCRIPTION | |
| Extent | pages 85-100, April-June 2017 |
| 440 ## - SERIES STATEMENT/ADDED ENTRY--TITLE | |
| Title | Teaching in Travel & Tourism |
| Volume number/sequential designation | 17:2 |
| 650 ## - SUBJECT ADDED ENTRY--TOPICAL TERM | |
| Topical term or geographic name as entry element | Experiential learning, service-learning, reflection, civic responsibility, ecotourism |
| Withdrawn status | Lost status | Damaged status | Home library | Current library | Date acquired | Total Checkouts | Date last seen | Price effective from | Koha item type |
|---|---|---|---|---|---|---|---|---|---|
| College Library | College Library | 12/07/2017 | 12/07/2017 | 12/07/2017 | Periodicals |